Địa lý kinh tế - xã hội châu Mỹ, châu Phi và châu Đại Dương
Nội dung sách giới thiệu về các nguồn lucực tự nhiên, dân cư xã hội, thể chế chính trị, bức tranh chung về kinh tế cũng như quan hệ kinh tế tới Việt Nam.
Gardado en:
| Autor Principal: | |
|---|---|
| Formato: | Libro |
| Idioma: | Undetermined |
| Publicado: |
Hà Nội
Giáo dục Việt Nam
2011
|
| Những chủ đề: | |
| Các nhãn: |
Engadir etiqueta
Sen Etiquetas, Sexa o primeiro en etiquetar este rexistro!
|
| Thư viện lưu trữ: | Trung tâm Học liệu Trường Đại học Cần Thơ |
|---|
| LEADER | 00937nam a2200205Ia 4500 | ||
|---|---|---|---|
| 001 | CTU_188111 | ||
| 008 | 210402s9999 xx 000 0 und d | ||
| 020 | |c 48000 | ||
| 082 | |a 330.9 | ||
| 082 | |b Y603 | ||
| 100 | |a Bùi, Thị Hải Yến | ||
| 245 | 0 | |a Địa lý kinh tế - xã hội châu Mỹ, châu Phi và châu Đại Dương | |
| 245 | 0 | |c Bùi Thị Hải Yến, Phạm, Thị Ngọc Diệp, Nguyễn Yến Ngọc | |
| 260 | |a Hà Nội | ||
| 260 | |b Giáo dục Việt Nam | ||
| 260 | |c 2011 | ||
| 520 | |a Nội dung sách giới thiệu về các nguồn lucực tự nhiên, dân cư xã hội, thể chế chính trị, bức tranh chung về kinh tế cũng như quan hệ kinh tế tới Việt Nam. | ||
| 650 | |a Economic geography,Kinh tế địa lý | ||
| 904 | |i Tuyến | ||
| 980 | |a Trung tâm Học liệu Trường Đại học Cần Thơ | ||